000 00901nam a2200277 i 4500
001 000016010
003 DO-SdBNP
005 20250728110244.0
007 ta
008 250610s190? dr a 000 0 spa d
040 _aDO-SdBNP
_bspa
_cBNPHU
_erda
041 _aspa
082 4 _a343.0946
_bM294
_222
110 1 _aRepública Dominicana.
_bDirección General de Tránsito Terrestre
_935960
245 1 0 _aManual del conductor de la República Domincana :
250 _aSegunda edición
264 1 _aSanto Domingo :
_bDirección General de Tránsito Terrestre,
_cfecha no identificada.
300 _a79 páginas :
_bilustraciones ;
_c12 cm.
336 _atexto
_btxt
_2rdacontent
337 _asinmediación
_bn
_2rdamedia
338 _avolumen
_bnc
_2rdacarrier
590 _aInventariado, 2024/DG
650 4 _aConducción de automóviles
_xManuales
_935961
910 _aDG
942 _2ddc
_cLBS1
999 _c59195
_d59195